Osobnosti slovenskej matematiky Katarína Cechlárová

Bibliographic Details
Main Author: Tkačik, Štefan, 1971- (Author)
Other Authors: Gunčaga, Ján, 1974- (Reviewer), Doboš, Jozef, 1956- (Reviewer), Pudiš, Milan (Bookjacket designer)
Format: Book
Language:Slovak
PhysicalDescription:52 strán farebné fotografie, portréty 26 cm
Published: Ružomberok Verbum 2023
ISBN:9788056110577
Edition:Vydanie prvé
Series:Osobnosti slovenskej matematiky
Subjects:

MARC

LEADER 00000cam a2200000 4500
001 vtls012247234
003 SK-MaSNL
005 20260426002906.0
008 240108s2023 xo oc frhn 000 0bslo
015 |a SNBA2024/03 
020 |a 9788056110577  |q (brožované) 
040 |a SNK  |b slo  |c SNK  |e rda 
041 0 |a slo 
043 |a e-xo--- 
044 |a xo  |c SK 
072 7 |a 51  |x Matematika  |2 konspekt 
072 7 |a 929  |x Biografie  |2 konspekt 
080 |a 51  |2 2011 
080 |a 929-058.1  |2 2011 
080 |a 378.011.3-051  |2 2011 
080 |a (437.6)  |2 2011 
080 |a (047.53)  |2 2011 
080 |a 929(092)  |2 2011 
100 1 |a Tkačik, Štefan,  |d 1971-  |4 aut  |9 251987 
245 1 0 |a Osobnosti slovenskej matematiky  |b Katarína Cechlárová  |c Štefan Tkačik 
246 3 0 |a Katarína Cechlárová 
250 |a Vydanie prvé 
264 1 |a Ružomberok  |b Verbum  |c 2023 
300 |a 52 strán  |b farebné fotografie, portréty  |c 26 cm 
336 |a text  |b txt  |2 rdacontent 
337 |a bez média  |b n  |2 rdamedia 
338 |a zväzok  |b nc  |2 rdacarrier 
366 |e 100 kusov 
490 1 |a Osobnosti slovenskej matematiky  |v 8. diel 
504 |a Publikačná činnosť prof. RNDr. Kataríny Cechlárovej, DrSc. na strane 39-44 
600 1 7 |a Cechlárová, Katarína,  |d 1961-  |2 SNKMA  |9 221547 
650 0 7 |a matematika  |2 SNKPH  |9 70174 
650 0 7 |a osobnosti  |2 SNKPH  |9 29820 
650 0 7 |a vysokoškolskí učitelia  |2 SNKPH  |9 66590 
650 0 7 |a Mathematics  |2 SNKPHeng  |9 265620 
650 0 7 |a Regional celebrities  |2 SNKPHeng  |9 266494 
650 0 7 |a College teachers  |2 SNKPHeng  |9 267441 
651 7 |a Slovensko  |2 SNKPHgeo  |9 14231 
651 7 |a Slovakia  |2 SNKPHeng  |9 92630 
655 7 |a rozhovory  |2 SNKPH  |9 31831 
655 7 |a biografie  |2 SNKPH  |9 27965 
655 7 |a Interviews  |2 SNKPHeng  |9 266520 
655 7 |a Biography  |2 SNKPHeng  |9 266314 
700 1 |a Gunčaga, Ján,  |d 1974-  |4 rev  |9 205318 
700 1 |a Doboš, Jozef,  |d 1956-  |4 rev  |9 221550 
700 1 |a Pudiš, Milan  |4 bjd  |9 372965 
710 2 |a Katolícka univerzita v Ružomberku  |4 pbl  |9 166774 
830 0 |a Osobnosti slovenskej matematiky  |9 340363 
852 |a Slovenská národná knižnica 
919 |a 978-80-561-1057-7 
954 |a odborná, vedecká literatúra pôvodná (slovenská)  |2 lita 
958 |a NB 
958 |a BX 
999 |c 930010  |d 931940 
952 |a SNK  |b SNK  |y PREZ  |7 0  |p 17A1544442  |o snkSB 100073  |i snk2024/2833  |8 0  |0 0  |1 0  |4 0  |d 2024-02-19  |l 0  |r 2025-05-19 00:00:00  |w 2026-02-24 
952 |a SNK  |b SNK  |y VYP  |7 0  |p 17A1544443  |o snkSB 100073 D1  |i snk2024/2834  |8 0  |0 0  |1 0  |4 0  |d 2024-02-19  |l 0  |r 2026-02-24 08:45:31  |w 2026-02-24